Εφαρμογή ανάδειξης του προϊστορικού οικισμού Θερμής, Λέσβου : μεταπτυχιακή διατριβή

Αποθηκεύτηκε σε:
Λεπτομέρειες βιβλιογραφικής εγγραφής
Κύριος συγγραφέας: Μανιάκη, Άννα
Συγγραφή απο Οργανισμό/Αρχή: Πανεπιστήμιο Αιγαίου. Σχολή Κοινωνικών Επιστημών. Τμήμα Πολιτισμικής Τεχνολογίας και Επικοινωνίας. Πρόγραμμα Μεταπτυχιακών Σπουδών Πολιτισμική Πληροφορική και Επικοινωνία
Άλλοι συγγραφείς: Παπαγεωργίου, Δημήτρης (Εισηγητής διατριβής), Σαμπανίκου, Εύη Δημ., 1965- (Εισηγητής διατριβής)
Μορφή: Thesis Βιβλίο
Γλώσσα:Greek
Δημοσίευση: 2012
Θέματα:
Διαθέσιμο Online:http://hdl.handle.net/11610/15963
Ετικέτες: Προσθήκη ετικέτας
Δεν υπάρχουν, Καταχωρήστε ετικέτα πρώτοι!

MARC

LEADER 00000cam a2200000 i 4500
001 1/34008
008 130803s2012 gre d
035 |l 10115193 
040 |a GR-MY-UA  |b gre  |e aacr 
041 0 |a gre 
082 0 |a 006  |2 (22) 
100 1 |a Μανιάκη, Άννα. 
245 1 0 |a Εφαρμογή ανάδειξης του προϊστορικού οικισμού Θερμής, Λέσβου :  |b μεταπτυχιακή διατριβή /  |c Μανιάκη Άννα ; επιβλέπων καθηγητής: Παπαγεωργίου Δ., συνεπιβλέπουσα καθηγήτρια: Σαμπανίκου Ε. 
260 |c 2012 
300 |a 63 σ.;  |b εικ.;  |c 30 εκ. 
500 |a Βιβλιογραφία: σ. 59-63 
502 |a Διατριβή (μεταπτυχιακή) – Πανεπιστήμιο Αιγαίου, Λέσβος, 2012. 
650 0 0 |a Virtual reality in archaeology. 
650 0 0 |a Archaeological surveys. 
650 0 0 |a Three-dimensional imaging. 
650 0 0 |a Three-dimensional display systems. 
650 0 0 |a Computer graphics  |x Programming. 
650 0 0 |a Dissertations, Academic  |z Greece. 
651 0 |a Loutropolis Thermis (Greece) 
700 1 |a Παπαγεωργίου, Δημήτρης.  |4 ths 
700 1 |4 ths  |a Σαμπανίκου, Εύη Δημ.,   |d 1965- 
710 2 |a Πανεπιστήμιο Αιγαίου.   |b Σχολή Κοινωνικών Επιστημών.   |b Τμήμα Πολιτισμικής Τεχνολογίας και Επικοινωνίας.   |b Πρόγραμμα Μεταπτυχιακών Σπουδών Πολιτισμική Πληροφορική και Επικοινωνία. 
852 |a INST  |b LESVOS  |c DIATR  |e 20130803  |h 483  |p 005100053292  |q 005100053292  |t MTXE  |y 23 
852 |a INST  |b LESVOS  |c DIATR  |e 20130803  |h 484  |p 005100053289  |q 005100053289  |t MTXE  |y 23 
856 |u http://hdl.handle.net/11610/15963 
901 |a BIBL1-2013-2 
909 |a Λ  |b 181811 
909 |a Λ  |b 181812 
924 |a ΜΑΝΙΑΚΗ  |b ΑΝΝΑ  |y ΛΕΣΒΟΣ  |z 2012-05 
970 |a ΤΖΑΦΕΡΗ  |b ΕΥΑΓΓΕΛΙΑ  |z 2013/08/06